[Event "Hastings8081"]
[Site "Hastings"]
[Date "1980.??.??"]
[Round "1"]
[White "Alburt, Lev O"]
[Black "Pinter, Jozsef"]
[Result "1-0"]
[WhiteElo "2515"]
[BlackElo "2535"]

1.d4 Nf6 2.Nf3 d5 3.c4 e6 4.g3 Bb4+ 5.Nbd2 dxc4 6.Bg2 O-O 7.Qc2 c5 8.Qxc4 Nbd7
9.O-O Nb6 10.Qd3 cxd4 11.Nb3 Qe7 12.a3 Bd6 13.Nfxd4 Nbd7 14.Na5 Nc5 15.Qc2 Rb8
16.Nb5 Bd7 17.Nxd6 Qxd6 18.Bf4 e5 19.Nc4 Qe6 20.Nxe5 Rbc8 21.Nxd7 Nfxd7 22.Rad1 Nf6
23.Rd6 Qe7 24.Rc1 g5 25.Qf5 Ne6 26.Rxe6 Rxc1+ 27.Bxc1 fxe6 28.Qxg5+ Kh8 29.Bf4 Rg8
30.Qe5 Kg7 31.Be4 b6 32.Bd3 Kf7 33.Be3 Rd8 34.Qf4 Qd6 35.Qh4 Rh8 36.Bd4 e5
37.Bc3 h6 38.Qc4+ Kg7 39.f4 exf4 40.Qe4 Kf7 41.Qg6+  1-0

[Event "Hastings8081"]
[Site "Hastings"]
[Date "1980.??.??"]
[Round "1"]
[White "Andersson, Ulf"]
[Black "Popovic, Petar"]
[Result "1/2-1/2"]
[WhiteElo "2590"]
[BlackElo "2490"]

1.Nf3 Nf6 2.c4 g6 3.Nc3 d5 4.cxd5 Nxd5 5.e4 Nxc3 6.dxc3 Qxd1+ 7.Kxd1 Nd7
8.Bf4 c6 9.Kc2 f6 10.Be3 e5 11.Nd2 Bc5 12.Bxc5 Nxc5 13.b4 Ne6 14.Bc4 Ke7
15.Nb3 Rd8 16.h4 Ng7 17.a4 h5 18.Rad1 Rxd1 19.Rxd1 b6 20.a5 Be6 21.Bxe6 Nxe6
22.g3 f5 23.Nd2 bxa5 24.exf5 gxf5 25.Nc4 Rd8 26.Rxd8 Nxd8 27.Nxe5 axb4 28.cxb4 Kd6
29.Nc4+ Ke6 30.Kd3 Nb7 31.Kd4 f4 32.gxf4 Kf5 33.Ke3 a6 34.f3 c5 35.bxc5 Nxc5
36.Nd6+ Ke6 37.Ne4 Nd7 38.Ng3 a5 39.Kd4 a4 40.Kc3 Nf6 41.Kb2 Kd5 42.Kc3 a3  1/2-1/2

[Event "Hastings8081"]
[Site "Hastings"]
[Date "1980.??.??"]
[Round "1"]
[White "Brito, Luizmar J"]
[Black "Littlewood, Paul E"]
[Result "0-1"]
[WhiteElo "2255"]
[BlackElo "2440"]

1.e4 e5 2.Nf3 Nc6 3.Bb5 a6 4.Ba4 Nf6 5.O-O Be7 6.Re1 b5 7.Bb3 O-O 8.c3 d5
9.exd5 Nxd5 10.Nxe5 Nxe5 11.Rxe5 c6 12.d4 Bd6 13.Re1 Qh4 14.g3 Qh3 15.Be3 Bg4
16.Qd3 Rae8 17.Nd2 Re6 18.c4 Bf4 19.cxd5 Rh6 20.Qe4 Qxh2+ 21.Kf1 f5 22.dxc6+ Kh8
23.Qd5 Bxe3 24.Rxe3 f4 25.gxf4 Qxf4 26.Re2 Rh2 27.f3 Bh3+ 28.Ke1 Rh1+ 29.Kf2 Rh2+
30.Ke1 Rh1+ 31.Kf2 Rxa1 32.Qe4 Qg5 33.Nb1 Rxb1 34.Qxb1 Qg2+ 35.Ke3 Rxf3+
36.Kd2 Qg5+ 37.Kd1 Rf1+  0-1

[Event "Hastings8081"]
[Site "Hastings"]
[Date "1980.??.??"]
[Round "1"]
[White "Ftacnik, Lubomir"]
[Black "Mestel, A Jonathan"]
[Result "1-0"]
[WhiteElo "2470"]
[BlackElo "2485"]

1.d4 Nf6 2.Nf3 b6 3.g3 Bb7 4.c4 Bxf3 5.exf3 e6 6.Bg2 d5 7.O-O c6 8.b3 Be7
9.Nd2 O-O 10.f4 Nbd7 11.Bb2 Rc8 12.Qe2 Ne8 13.Rac1 Nd6 14.Nf3 dxc4 15.bxc4 b5
16.cxb5 cxb5 17.Rxc8 Qxc8 18.d5 Qc4 19.Re1 Nc5 20.dxe6 Nxe6 21.Ne5 Qxe2 22.Rxe2 Re8
23.Bc6 Rc8 24.Bd5 Rc5 25.Bb3 Nc4 26.f5 Nxe5 27.Bxe5 Nd8 28.Bxg7 Kxg7 29.Rxe7 Rxf5
30.Rxa7 Nc6 31.Rd7 Ne5 32.Rd5 Nf3+ 33.Kg2 Rxd5 34.Bxd5 Nd4 35.f4 h5 36.Kf2 Kf6
37.Ke3 Nf5+ 38.Kd3 Nd6 39.Kd4 Nf5+ 40.Kc5 Ne3 41.Bf3 h4 42.Kxb5 hxg3 43.hxg3 Nf5
44.Kb6  1-0

[Event "Hastings8081"]
[Site "Hastings"]
[Date "1980.??.??"]
[Round "1"]
[White "Liberzon, Vladimir M"]
[Black "Chandler, Murray G"]
[Result "1-0"]
[WhiteElo "2545"]
[BlackElo "2450"]

1.e4 d6 2.d4 Nf6 3.Nc3 g6 4.Nf3 Bg7 5.Be2 O-O 6.O-O Bg4 7.Be3 Nc6 8.Qd2 e5
9.d5 Ne7 10.Rad1 Bd7 11.Ne1 Ng4 12.Bxg4 Bxg4 13.f3 Bd7 14.f4 Bg4 15.Rb1 c6
16.fxe5 dxe5 17.Bc5 cxd5 18.Qg5 dxe4 19.Bxe7 Qd4+ 20.Kh1 f5 21.Bxf8 Rxf8
22.h3 Bf6 23.Qh6 Bh5 24.Rxf5 gxf5 25.Qxh5 Qf2 26.Rd1 e3 27.Nd5 Bd8 28.Nd3 Qg3
29.Qf3 Qxf3 30.gxf3 e4 31.Rg1+ Kh8 32.fxe4 fxe4 33.N3f4 Bh4 34.Rg4 Bf2 35.Kg2 Rf5
36.Ne7  1-0

[Event "Hastings8081"]
[Site "Hastings"]
[Date "1980.??.??"]
[Round "1"]
[White "Sunye Neto, Jaime"]
[Black "Peters, John A"]
[Result "1/2-1/2"]
[WhiteElo "2415"]
[BlackElo "2465"]

1.c4 Nf6 2.Nc3 c5 3.g3 d5 4.cxd5 Nxd5 5.Bg2 Nc7 6.d3 e5 7.Qb3 Nc6 8.Bxc6+ bxc6
9.Qa4 Bd7 10.Nf3 f6 11.Bd2 Ne6 12.Rc1 Be7 13.O-O O-O 14.Rfe1 Kh8 15.Be3 Rb8
16.b3 Qc7 17.Qa3 Be8 18.Qb2 Bh5 19.Na4 Nd4 20.Kg2 Rb5 21.Nc3 Rb7 22.Ne4 Rb5
23.Nc3 Rb7 24.Ne4 Rb5  1/2-1/2

[Event "Hastings8081"]
[Site "Hastings"]
[Date "1980.??.??"]
[Round "1"]
[White "Torre, Eugenio"]
[Black "Lein, Anatoly"]
[Result "1/2-1/2"]
[WhiteElo "2520"]
[BlackElo "2520"]

1.d4 d5 2.Nf3 Nf6 3.c4 dxc4 4.e3 Bg4 5.Bxc4 e6 6.Qb3 Bxf3 7.gxf3 Nbd7 8.Nc3 Nb6
9.Be2 Be7 10.Bd2 O-O 11.Rd1 c5 12.dxc5 Bxc5 13.O-O Qe7 14.Kh1 Rfd8 15.Rg1 Rd7
16.Na4 Nxa4 17.Qxa4 Rad8 18.Bc3 Rxd1 19.Bxd1 g6 20.Bb3 Nd5 21.Bxd5 Rxd5 22.Rc1 f6
23.a3 Kf7 24.Bb4 Bxb4 25.axb4 a6 26.Rc8 Kg7 27.Kg2 Kh6 28.h4 Kg7  1/2-1/2

[Event "Hastings8081"]
[Site "Hastings"]
[Date "1980.??.??"]
[Round "2"]
[White "Pinter, Jozsef"]
[Black "Andersson, Ulf"]
[Result "1/2-1/2"]
[WhiteElo "2535"]
[BlackElo "2590"]

1.d4 Nf6 2.c4 e6 3.Nc3 Bb4 4.Nf3 b6 5.Bg5 Bb7 6.e3 h6 7.Bh4 g5 8.Bg3 Ne4
9.Qc2 Bxc3+ 10.bxc3 d6 11.Bd3 Nxg3 12.hxg3 Nd7 13.a4 a5 14.Be4 Bxe4 15.Qxe4 Ke7
16.Rb1 Qg8 17.Qc6 Ra7 18.Ke2 Qa8 19.Qxa8 Raxa8 20.Rb5 f5 21.Nd2 Raf8 22.e4 Kf6
23.f4 gxf4 24.gxf4 fxe4 25.Nxe4+ Kg6 26.Ke3 Rf5 27.g4 Rxb5 28.cxb5 d5 29.Ng3 Nf6
30.Kf3 h5 31.g5 Ne8 32.Nf1 Ng7 33.Ne3 Rc8 34.c4 dxc4 35.Nxc4 Rd8 36.Ne5+ Kf5
37.Ke3 Rh8 38.Nf3 Kg6 39.Nh4+ Kf7 40.Rc1 Rc8 41.Ke4 Ne8 42.d5 exd5+ 43.Kxd5 Rd8+
44.Ke5 Rd2 45.f5 Re2+ 46.Kf4 Rb2 47.Nf3 Rb4+ 48.Ke5 Rxa4 49.Nd4 Ra2 50.Rh1 Rg2
51.Rxh5 Kg8 52.g6 Rg1 53.Rh4 a4 54.Rh3 Re1+ 55.Kd5 Rd1 56.Rf3 Kg7 57.Ke5 Re1+
58.Kd5  1/2-1/2

[Event "Hastings8081"]
[Site "Hastings"]
[Date "1980.??.??"]
[Round "2"]
[White "Peters, John A"]
[Black "Lein, Anatoly"]
[Result "0-1"]
[WhiteElo "2465"]
[BlackElo "2520"]

1.e4 c5 2.Nf3 d6 3.d4 cxd4 4.Nxd4 Nf6 5.Nc3 g6 6.Be3 a6 7.f3 Qc7 8.g4 h6
9.Qd2 e5 10.Nb3 Be6 11.O-O-O Nbd7 12.Kb1 Rc8 13.h3 Nb6 14.f4 Nc4 15.Bxc4 Qxc4
16.Qf2 Nxe4 17.Nxe4 Qxe4 18.fxe5 dxe5 19.Rhe1 Qc6 20.Bd4 exd4 21.Na5 Qa4
22.b3 Qxa5 23.Qxd4 Qc7 24.Qxh8 Qxc2+ 25.Ka1 Qc3+  0-1

[Event "Hastings8081"]
[Site "Hastings"]
[Date "1980.??.??"]
[Round "2"]
[White "Mestel, A Jonathan"]
[Black "Liberzon, Vladimir M"]
[Result "1/2-1/2"]
[WhiteElo "2485"]
[BlackElo "2545"]

1.e4 c5 2.Nf3 e6 3.d4 cxd4 4.Nxd4 a6 5.c4 Nf6 6.Nc3 Bb4 7.Bd3 Nc6 8.Bc2 Qc7
9.O-O Nxd4 10.Qxd4 Ng4 11.e5 Nxe5 12.Ne4 b6 13.f4 Qxc4 14.Qxe5 Qxc2 15.Qxg7 Qxe4
16.Qxh8+ Ke7 17.Qg7 Qe2 18.Qg5+ Ke8 19.Qg8+  1/2-1/2

[Event "Hastings8081"]
[Site "Hastings"]
[Date "1980.??.??"]
[Round "2"]
[White "Popovic, Petar"]
[Black "Torre, Eugenio"]
[Result "0-1"]
[WhiteElo "2490"]
[BlackElo "2520"]

1.e4 e5 2.Nf3 Nc6 3.Bb5 a6 4.Ba4 Nf6 5.O-O Be7 6.Re1 b5 7.Bb3 d6 8.c3 O-O
9.h3 Na5 10.Bc2 c5 11.d4 Qc7 12.Nbd2 cxd4 13.cxd4 Nc6 14.Nb3 a5 15.Be3 a4
16.Nbd2 Nb4 17.Bb1 Bd7 18.a3 Nc6 19.Bd3 Qb8 20.Qe2 Na5 21.Reb1 Rc8 22.b4 axb3
23.Nxb3 Nc4 24.Bc1 Ra4 25.Nbd2 Qa8 26.Nxc4 bxc4 27.Bc2 Ra5 28.d5 Ba4 29.Ne1 Nd7
30.Rb4 Bb5 31.Rab1 Ba6 32.Ba4 Nc5 33.Bc6 Qa7 34.Nc2 Bd8 35.Qg4 Nb3 36.Ne3 Nxc1
37.Rxc1 h5 38.Qxh5 Rxa3 39.Nf5 Ra2 40.Qf3 Qc5 41.Be8 Bf6 42.Bxf7+ Kxf7 43.Rbxc4 Bxc4
44.Rxc4 Qxc4 45.Nxd6+ Kf8 46.Nxc4 Rxc4 47.d6 Rd2 48.Qa3 Rcd4 49.Qc5 Rxd6
50.g3 Kg8 51.h4 Kh7 52.Qc8 Rb6 53.Qg4 Kg8 54.Qc8+ Rd8 55.Qc4+ Kh8 56.Kg2 Rb7
57.Kh3 Rf8 58.Kg4 Rbf7 59.Qe6 Re7 60.Qd6 Ree8 61.h5 Rf7 62.Qc6 Rff8 63.Qd6 Kh7
64.Qd7 Bd8 65.Qc6 Re7 66.Qd6 Kg8 67.Qd5+ Kh8 68.Qd6 Rfe8 69.Qc6 Re6 70.Qd7 Bb6
71.f3 Be3 72.Kh3 Bh6 73.Kg4 R6e7 74.Qd6 Rf7 75.Qc5 Ref8 76.Qxe5 Rxf3 77.Qc5 Bd2
78.h6 Bxh6 79.e5 R3f5 80.Qd6 Rg5+ 81.Kh3 Re8  0-1

[Event "Hastings8081"]
[Site "Hastings"]
[Date "1980.??.??"]
[Round "2"]
[White "Littlewood, Paul E"]
[Black "Ftacnik, Lubomir"]
[Result "1-0"]
[WhiteElo "2440"]
[BlackElo "2470"]

1.d4 Nf6 2.c4 g6 3.Nc3 d5 4.Nf3 Bg7 5.e3 O-O 6.b4 c6 7.Bb2 Bf5 8.Qb3 dxc4
9.Bxc4 b5 10.Be2 a5 11.a3 Na6 12.bxa5 Qxa5 13.O-O Rac8 14.Rfd1 Ne4 15.Nxe4 Bxe4
16.a4 Bd5 17.Qc2 Qb6 18.e4 Be6 19.Ng5 Bd7 20.axb5 cxb5 21.Qb3 Nc7 22.d5 Bxb2
23.Qxb2 Ra8 24.Rxa8 Rxa8 25.e5 Rd8 26.Qb4 Be8 27.Qh4 h5 28.d6 Na6 29.Ne4 exd6
30.exd6 Nb8 31.Nf6+ Kf8 32.Qf4 Kg7 33.Qe5 Nc6 34.Nxe8+ Kh6 35.Qf4+  1-0

[Event "Hastings8081"]
[Site "Hastings"]
[Date "1980.??.??"]
[Round "2"]
[White "Chandler, Murray G"]
[Black "Alburt, Lev O"]
[Result "0-1"]
[WhiteElo "2450"]
[BlackElo "2515"]

1.d4 Nf6 2.c4 c5 3.d5 b5 4.cxb5 a6 5.f3 d6 6.e4 g6 7.Nc3 Bg7 8.a4 O-O 9.Bc4 Nbd7
10.Nge2 Ne5 11.b3 Nfd7 12.f4 Nxc4 13.bxc4 Qa5 14.Qd3 Nb6 15.Bd2 Qb4 16.a5 axb5
17.cxb5 Rxa5 18.Rxa5 Qxa5 19.O-O Qb4 20.f5 Bd7 21.Bg5 Bd4+ 22.Kh1 f6 23.fxg6 hxg6
24.e5 Kg7 25.exf6+ exf6 26.Bf4 Bf5 27.Qg3 Nc4 28.h3 Ra8 29.Nxd4 cxd4 30.Ne2 Ne5
31.Kh2 d3 32.Ng1 Qxb5 33.Nf3 Qxd5 34.Nh4 Be4 35.Rc1 d2 36.Rd1 Nc4 37.Qg4 g5
38.Rf1 Ne5 39.Qg3 d1=Q 40.Bxg5 Qxf1  0-1

[Event "Hastings8081"]
[Site "Hastings"]
[Date "1980.??.??"]
[Round "2"]
[White "Bellin, Robert"]
[Black "Brito, Luizmar J"]
[Result "0-1"]
[WhiteElo "2440"]
[BlackElo "2255"]

1.d4 Nf6 2.Nf3 g6 3.Bg5 Bg7 4.Nbd2 d5 5.e3 O-O 6.c3 Nbd7 7.b4 Re8 8.Be2 e5
9.Nb3 c6 10.Rc1 h6 11.Bxf6 Bxf6 12.O-O e4 13.Nfd2 Be7 14.a3 Bd6 15.c4 Qg5
16.cxd5 cxd5 17.Rc3 h5 18.Bb5 Re7 19.f4 exf3 20.Qxf3 Kg7 21.Rfc1 Nf6 22.Rxc8 Rxc8
23.Rxc8 Rxe3 24.h4 Re1+ 25.Bf1 Qxh4 26.Qh3 Qf4 27.Rc3 Ng4 28.Rf3 Qg5 29.g3 Qe7
30.Qg2 b6 31.Rd3 f5 32.Nf3 Ne3 33.Nxe1 Nxg2 34.Nxg2 g5 35.Re3 Qc7 36.Bd3 Kf6
37.Rf3 f4 38.gxf4 g4 39.Re3 Bxf4 40.Re2 Kg5 41.Re8 Qf7 42.Re1 Bg3 43.Rf1 Qc7
44.Rf5+ Kh6 45.Ne3 Bh4 46.Re5 Qc3 47.Nf5+ Kh7 48.Re3 Bg5 49.Ng3+ Kh8 50.Re8+ Kg7
51.Nf5+ Kf7 52.Nd6+ Kf6 53.Rf8+ Ke7 54.Rf7+ Kxd6  0-1

[Event "Hastings8081"]
[Site "Hastings"]
[Date "1980.??.??"]
[Round "3"]
[White "Alburt, Lev O"]
[Black "Mestel, A Jonathan"]
[Result "1-0"]
[WhiteElo "2515"]
[BlackElo "2485"]

1.d4 Nf6 2.Nf3 b6 3.g3 Bb7 4.c4 c5 5.d5 b5 6.Bg2 g6 7.O-O Bg7 8.Re1 O-O 9.e4 bxc4
10.Nbd2 c3 11.bxc3 d6 12.Qb3 Bc8 13.e5 Ne8 14.Nc4 Nd7 15.Bf4 Ba6 16.exd6 Bxc4
17.Qxc4 Nxd6 18.Qd3 c4 19.Qc2 Nc5 20.Bf1 Rc8 21.Ne5 Re8 22.Rad1 Qb6 23.Nxc4 Nxc4
24.Bxc4 Qa5 25.Re3 Na4 26.Qb3 Nxc3 27.Rdd3 Na4 28.d6 Nc5 29.Bxf7+ Kf8 30.Qd5 Qb6
31.Bxe8  1-0

[Event "Hastings8081"]
[Site "Hastings"]
[Date "1980.??.??"]
[Round "3"]
[White "Andersson, Ulf"]
[Black "Chandler, Murray G"]
[Result "1-0"]
[WhiteElo "2590"]
[BlackElo "2450"]

1.Nf3 Nf6 2.c4 c5 3.g3 d5 4.Bg2 Nc6 5.O-O d4 6.d3 e5 7.e3 Be7 8.exd4 exd4
9.Re1 O-O 10.Ne5 Nxe5 11.Rxe5 Bg4 12.Qc2 Bd6 13.Re1 Re8 14.Bd2 Qd7 15.Na3 Rxe1+
16.Rxe1 Re8 17.Rxe8+ Qxe8 18.Bxb7 Qe2 19.Ba5 Nd7 20.Qxe2 Bxe2 21.Nb5 Bf8
22.Nxa7 Bxd3 23.Bd2 Bxc4 24.a4 Bd6 25.Nc6 Kf8 26.a5 Nb8 27.Nxb8 Bxb8 28.b4 Ba7
29.Bc6 cxb4 30.Bxb4+ Kg8 31.g4 f6 32.Be8 g6 33.Kg2 Kg7 34.Bd7 Kf7 35.Kf3 Bd3
36.h4 h5 37.gxh5 gxh5 38.Bd6 Bc4 39.Bb4 Bd5+ 40.Ke2 Be4 41.Kd2 f5 42.Ke1 Kf6
43.Bd6 d3 44.Bf4 Ke7 45.Bb5 Bd4 46.a6 Kd8 47.Bc4 Kd7 48.Be3 Bc3+ 49.Kd1 Kc7
50.Bd2 Bd4 51.Bf4+ Kc8 52.Be6+ Kd8 53.Be3 Bf6 54.a7 Bxh4 55.Bb6+ Ke7 56.Bxf5 Bf3+
57.Kd2 Kf6 58.Bxd3 Bg5+ 59.Be3 h4 60.Bxg5+  1-0

[Event "Hastings8081"]
[Site "Hastings"]
[Date "1980.??.??"]
[Round "3"]
[White "Brito, Luizmar J"]
[Black "Sunye Neto, Jaime"]
[Result "0-1"]
[WhiteElo "2255"]
[BlackElo "2415"]

1.e4 c5 2.Nf3 d6 3.d4 cxd4 4.Nxd4 Nf6 5.Nc3 a6 6.Bg5 e6 7.Qf3 h6 8.Bh4 Nbd7
9.O-O-O Qc7 10.Be2 Be7 11.Rhe1 g5 12.Bg3 Ne5 13.Qe3 Rg8 14.Nf3 b5 15.Qd4 Nfd7
16.Kb1 Rb8 17.a3 Rb6 18.Na2 Bb7 19.Nxe5 dxe5 20.Bh5 Rd6 21.Qe3 Nf6 22.Rxd6 Bxd6
23.Bf3 h5 24.h3 g4 25.hxg4 hxg4 26.Bh4 gxf3 27.Bxf6 fxg2 28.Rg1 Qc4 29.f3 Qd4  0-1

[Event "Hastings8081"]
[Site "Hastings"]
[Date "1980.??.??"]
[Round "3"]
[White "Ftacnik, Lubomir"]
[Black "Bellin, Robert"]
[Result "1/2-1/2"]
[WhiteElo "2470"]
[BlackElo "2440"]

1.d4 e6 2.g3 f5 3.Bg2 Nf6 4.Nd2 Nc6 5.c3 d5 6.Ndf3 Be7 7.Nh3 Ne4 8.Nf4 O-O
9.h4 a5 10.a4 Bd7 11.Nd3 Be8 12.Bf4 Ra6 13.Qc1 h6 14.Nfe5 Nxe5 15.Bxe5 Bd6
16.Bf3 Qe7 17.Qf4 Rb6 18.Ra2 Rc6 19.e3 Nf6 20.Bd1 Nd7 21.h5 Bxe5 22.Nxe5 Nxe5
23.Qxe5 Qd6 24.Qxd6 Rxd6 25.Kd2 Bd7 26.Be2 Re8 27.f4 Rb6 28.Rb1 Ra8 29.Bd1 Rba6
30.b3 Kf7 31.c4 Re8 32.c5 Kf6 33.Ke1 Ra7 34.Kf2 Rb8 35.Rc1 Be8 36.Rac2 Bf7
37.Be2 Bg8 38.Rc3 Bf7 39.Kg2 Bg8 40.Kh3 Bf7 41.Kh4 Rg8 42.R3c2 Raa8 43.Rb2 Be8
44.Ra1 Bc6 45.Kh3 g5 46.hxg6 Rxg6 47.Bh5 Rg7 48.Rf2 Rag8 49.Rf3 Be8 50.Bxe8 Rxe8
51.Kg2 h5 52.Rh1 Rh8 53.Rh3 b6 54.cxb6 cxb6 55.Rf2 Rc7 56.Rb2 Kg6 57.Rh1 Rhc8
58.Kf3 Rc2 59.Rh2 Rxh2  1/2-1/2

[Event "Hastings8081"]
[Site "Hastings"]
[Date "1980.??.??"]
[Round "3"]
[White "Lein, Anatoly"]
[Black "Popovic, Petar"]
[Result "1/2-1/2"]
[WhiteElo "2520"]
[BlackElo "2490"]

1.d4 Nf6 2.c4 g6 3.Nc3 d5 4.Nf3 Bg7 5.Bg5 Ne4 6.Bh4 c5 7.cxd5 Nxc3 8.bxc3 Qxd5
9.e3 cxd4 10.cxd4 Nc6 11.Be2 O-O 12.O-O h6 13.Rc1 Qxa2 14.Nd2 Be6 15.Nc4 Bxc4
16.Bxc4 Qa3 17.Bd5 e6 18.Bxc6 bxc6 19.Rxc6 a5 20.Bg3 Rfc8 21.Bd6 Qb2 22.Qa4 Qb7
23.Rxc8+ Qxc8 24.Ra1 Bf8 25.Bxf8 Kxf8 26.h3 Kg8 27.Ra2 Qc1+ 28.Kh2 Qc7+ 29.g3 Qb7
30.Qc2 Qb5 31.e4 h5 32.h4 a4 33.d5 exd5 34.exd5  1/2-1/2

[Event "Hastings8081"]
[Site "Hastings"]
[Date "1980.??.??"]
[Round "3"]
[White "Liberzon, Vladimir M"]
[Black "Littlewood, Paul E"]
[Result "1-0"]
[WhiteElo "2545"]
[BlackElo "2440"]

1.e4 e5 2.Nf3 Nc6 3.Bb5 a6 4.Ba4 Nf6 5.O-O Be7 6.Re1 b5 7.Bb3 O-O 8.a4 Bb7
9.d3 d6 10.Bd2 b4 11.c3 bxc3 12.bxc3 Na5 13.Ba2 c5 14.Na3 Bc6 15.Nc4 Rb8
16.Qc2 Nxc4 17.Bxc4 a5 18.Reb1 Nd7 19.Bb5 Ba8 20.c4 f5 21.Bxa5 Qc8 22.Nd2 Nf6
23.exf5 Qxf5 24.f3 Qf4 25.Ne4 Ng4 26.fxg4 Bxe4 27.dxe4 Qe3+ 28.Kh1 Rf2 29.Qc3 Qxe4
30.Rg1 Rbf8 31.Rae1 Qa8 32.Bd7 Bg5 33.Be6+ Kh8 34.Bd5 Qa7 35.Rb1 Bd2 36.Qxd2 Rxd2
37.Bxd2 Qxa4 38.Bg5 Qc2 39.Be7 Re8 40.Bxd6 h6 41.Bxc5 e4 42.Rbe1 Rd8 43.Bb6 Rd6
44.Rxe4 Rxd5 45.Re8+  1-0

[Event "Hastings8081"]
[Site "Hastings"]
[Date "1980.??.??"]
[Round "3"]
[White "Torre, Eugenio"]
[Black "Pinter, Jozsef"]
[Result "1-0"]
[WhiteElo "2520"]
[BlackElo "2535"]

1.d4 Nf6 2.c4 e6 3.Nc3 Bb4 4.e3 c5 5.Ne2 cxd4 6.exd4 d5 7.a3 Be7 8.c5 b6
9.b4 O-O 10.Bf4 a5 11.Na4 axb4 12.axb4 Nfd7 13.Nec3 Nc6 14.Bb5 Bb7 15.O-O Bf6
16.Bd6 Re8 17.Rb1 Ra7 18.Nxb6 Be7 19.Bxe7 Rxe7 20.Ba4 Nf6 21.Nb5 Ra6 22.Nd6 Nb8
23.Qd3 Ne4 24.Nd7 Rxd6 25.Nxb8 Qxb8 26.cxd6 Qxd6 27.f3 Nf6 28.Qc3 Rc7  1-0

[Event "Hastings8081"]
[Site "Hastings"]
[Date "1980.??.??"]
[Round "4"]
[White "Littlewood, Paul E"]
[Black "Alburt, Lev O"]
[Result "0-1"]
[WhiteElo "2440"]
[BlackElo "2515"]

1.e4 Nf6 2.e5 Nd5 3.d4 d6 4.Nf3 Bg4 5.Be2 e6 6.O-O Be7 7.c4 Nb6 8.Nc3 O-O
9.Be3 a5 10.b3 d5 11.c5 N6d7 12.a3 f6 13.exf6 Bxf6 14.Qd2 Bxf3 15.Bxf3 c6
16.Rad1 Na6 17.Bg4 e5 18.Na4 exd4 19.Bxd4 Bxd4 20.Qxd4 Nf6 21.Be6+ Kh8 22.Rfe1 Qc7
23.Bf5 Qf7 24.f3 Nc7 25.Nb6 Rad8 26.a4 Na6 27.Nc4 Ng8 28.Be6 Qf6 29.Nd6 Qxd4+
30.Rxd4 Nxc5 31.Nf7+ Rxf7 32.Bxf7 Nh6 33.Be8 Nf5 34.Rdd1 g6 35.Bf7 Nxb3 36.Be6 Nd6
37.Bh3 Nc5 38.Re7 Nxa4 39.Rde1 d4 40.Rc7 Ne8 41.Rxb7 d3 42.Rd7 Rxd7 43.Bxd7 Nf6
44.Bxc6 Nc3 45.Ra1 d2 46.Ba4 Nxa4 47.Rd1 Nc3 48.Rxd2 Nfd5 49.Rb2 a4 50.Rb8+ Kg7
51.Rb7+ Kh6 52.Ra7 g5 53.g3 Kg6 54.h4 gxh4 55.gxh4 h6 56.Ra6+ Kh5 57.Kf2 Nb4
58.Ra5+ Kxh4 59.Ke3 a3 60.Kd4 Ncd5 61.Ke4 a2 62.Kf5 h5 63.f4 Ne3+ 64.Kg6 Kg4
65.f5 Nxf5 66.Ra4 Nd4  0-1

[Event "Hastings8081"]
[Site "Hastings"]
[Date "1980.??.??"]
[Round "4"]
[White "Mestel, A Jonathan"]
[Black "Andersson, Ulf"]
[Result "0-1"]
[WhiteElo "2485"]
[BlackElo "2590"]

1.e4 c5 2.Nf3 d6 3.d4 cxd4 4.Nxd4 Nf6 5.Nc3 e6 6.Be2 Be7 7.O-O Nc6 8.Be3 O-O
9.f4 Qc7 10.Kh1 Nxd4 11.Qxd4 a6 12.a4 e5 13.Qd2 exf4 14.Bxf4 Be6 15.Rfd1 Rfd8
16.a5 Rac8 17.Be3 Nd7 18.Bg4 Qc6 19.Bf5 Bf8 20.Bd4 Re8 21.Qf4 Ne5 22.Rf1 Qd7
23.Rf2 Rc4 24.Bxe6 Rxe6 25.Rd1 Rf6 26.Qd2 Rxf2 27.Qxf2 Nc6 28.b3 Rxd4 29.Rxd4 Nxd4
30.Qxd4 g6 31.Nd5 Bg7 32.Qd3 Be5 33.g3 Kg7 34.Kg2 h5 35.h4 Qc6 36.b4 Qa4
37.Kf3 Qa1 38.Kg2 Qe1 39.Qe3 Qd1 40.Qd3 Qc1 41.Nc7 Kf8 42.b5 Qe1 43.bxa6 bxa6
44.Nxa6 Qxa5 45.Nb8 Qc7 46.Na6 Qb7 47.Kf2 Kg7 48.Qc4 Qb1 49.Kg2 Qe1 50.Qd3 Bxg3
51.Qxg3 Qe2+ 52.Qf2 Qxa6 53.Qd4+ Kg8 54.c4 Qc6 55.Kf3 Qc5 56.Qd3 Qe5 57.Qa3 Kg7
58.Qa6 Qc3+ 59.Ke2 Qd4 60.Qc6 Kh7 61.Kf3 Qd3+ 62.Kf2 Kg7 63.Ke1 Qe3+ 64.Kf1 Qf4+
65.Kg1 Qg3+ 66.Kf1 Qxh4  0-1

[Event "Hastings8081"]
[Site "Hastings"]
[Date "1980.??.??"]
[Round "4"]
[White "Peters, John A"]
[Black "Popovic, Petar"]
[Result "1/2-1/2"]
[WhiteElo "2465"]
[BlackElo "2490"]

1.e4 c5 2.Nf3 d6 3.d4 cxd4 4.Nxd4 Nf6 5.Nc3 Nc6 6.f4 Bg4 7.Qd3 Bd7 8.Be3 g6
9.h3 Bg7 10.g4 O-O 11.Rd1 Nxd4 12.Bxd4 Qa5 13.Bg2 e5 14.Be3 exf4 15.Bxf4 Be6
16.Bxd6 Rfd8 17.Qb5 Qxb5 18.Nxb5 Ne8 19.Ba3 Rxd1+ 20.Kxd1 Bxa2 21.Nc3 Bxc3
22.bxc3 Be6 23.e5 Rd8+ 24.Kc1 b6 25.Rd1 Rxd1+ 26.Kxd1 f6 27.exf6 Nxf6 28.Bd6 Bd7
29.Bf1 Ne4 30.Bb8 a5 31.c4 Bc6 32.Bc7 a4 33.Bxb6 Kf7 34.Bd4 Ke6 35.Ke1 Kd6
36.h4 Nc5 37.Kf2 Be4 38.Ke3 Bxc2 39.Bb2 Ne6 40.Ba3+ Kc6 41.Bg2+ Kd7 42.Bd5 Bd1
43.g5 Ng7 44.Bg8 Nf5+ 45.Kf2 Bb3 46.Bxh7 Nxh4  1/2-1/2

[Event "Hastings8081"]
[Site "Hastings"]
[Date "1980.??.??"]
[Round "4"]
[White "Bellin, Robert"]
[Black "Liberzon, Vladimir M"]
[Result "1/2-1/2"]
[WhiteElo "2440"]
[BlackElo "2545"]

1.f4 Nf6 2.Nf3 g6 3.d3 d5 4.e3 Bg7 5.Be2 O-O 6.O-O Nc6 7.Qe1 Re8 8.d4 Ne4
9.Nbd2 Bf5 10.c3 f6 11.Nxe4 Bxe4 12.Nd2 Bc2 13.c4 Kh8 14.cxd5 Qxd5 15.Bc4 Qd7
16.Nf3 Be4 17.Kh1 e6 18.Bd2 Ne7 19.Bc3 Nf5 20.Nd2 Bc6 21.Rd1 Nd6 22.Bd3 Bb5
23.Bxb5 Qxb5 24.e4 f5 25.e5 Nf7 26.Rf3 Bf8 27.Nf1 Rad8 28.Ne3 c6 29.h3 Be7
30.g4 Nh6 31.Qg3 Rf8 32.Rf2 Kg8 33.g5 Nf7 34.h4 h5 35.gxh6 Kh7 36.Rh2 Rg8
37.Qf3 Nxh6 38.Rg1 Qd3 39.Rd1 Qe4 40.Kg2 Rd7 41.Kf2 c5 42.d5 exd5 43.Qxe4 fxe4
44.Rxd5 Ng4+ 45.Kg3 Rxd5 46.Nxd5 Nxh2 47.Nxe7 Nf3 48.Nxg8 Kxg8 49.e6 b5 50.Bf6 Nd2
51.Kf2 Nc4 52.b3 Nb6 53.Be7 c4 54.bxc4 Nxc4 55.Bc5 a5 56.Kg3 b4 57.f5 gxf5
58.Kf4 e3 59.Kf3 f4 60.h5 Ne5+ 61.Kxf4 e2 62.Bf2 Nc6 63.Ke3 Kg7 64.Kxe2 Kh6
65.Kd3 Kxh5 66.Kc4 Kg6 67.Kb5 Ne7 68.Kxa5 Kf6 69.Kxb4 Kxe6 70.Kc5 Kd7 71.Kb6 Kc8
72.Bg3 Nd5+ 73.Ka7 Nc3  1/2-1/2

[Event "Hastings8081"]
[Site "Hastings"]
[Date "1980.??.??"]
[Round "4"]
[White "Chandler, Murray G"]
[Black "Torre, Eugenio"]
[Result "1/2-1/2"]
[WhiteElo "2450"]
[BlackElo "2520"]

1.d4 d5 2.c4 c6 3.Nf3 Nf6 4.Nc3 e6 5.e3 Nbd7 6.Qc2 Bd6 7.e4 dxe4 8.Nxe4 Nxe4
9.Qxe4 Bb4+ 10.Bd2 Bxd2+ 11.Nxd2 O-O 12.O-O-O e5 13.dxe5 Qa5 14.Bd3 g6 15.Bb1 Qxe5
16.Rhe1 Qg7 17.Qf4 Nb6 18.Re7 Na4 19.Qe5 Qxe5 20.Rxe5 Rd8 21.Bc2 Nb6 22.c5 Nd5
23.Ne4 Be6 24.Ng5 Nc7 25.Nxe6 Rxd1+ 26.Bxd1 fxe6 27.Bb3 Kf7 28.Bc4 Nd5 29.g3 Kf6
30.f4 Rd8 31.a3 Nc7 32.Kc2 Rd4 33.b3 a5 34.Re1 Nd5 35.Bf1 h6 36.h4 Kf7 37.Bc4 a4
38.Re5 Kf6 39.Re1 axb3+ 40.Bxb3 Nc7 41.Kc3 Rd8 42.Re5 Nd5+ 43.Kc4 Nc7 44.Kc3 Rd7
45.a4 Rd8 46.Re4 Rd7 47.Re5 Re7 48.Kd4 Ne8 49.Kc3 Ng7 50.Bc2 Rd7 51.Bb3 h5
52.Re3 Rd8 53.Re5 Re8 54.Bc2 Re7 55.Re3 Rd7 56.Bb3 Rd8 57.Re5 Re8 58.Bc2 Nf5
59.Bxf5  1/2-1/2

[Event "Hastings8081"]
[Site "Hastings"]
[Date "1980.??.??"]
[Round "4"]
[White "Pinter, Jozsef"]
[Black "Lein, Anatoly"]
[Result "1/2-1/2"]
[WhiteElo "2535"]
[BlackElo "2520"]

1.d4 Nf6 2.c4 e6 3.Nc3 Bb4 4.Nf3 d6 5.g3 Bxc3+ 6.bxc3 b6 7.Bg2 Bb7 8.O-O O-O
9.a4 Be4 10.Ba3 c5 11.Nd2 Bxg2 12.Kxg2 Nc6 13.e4 cxd4 14.cxd4 Nxd4 15.e5 dxe5
16.Bxf8 Qxf8 17.a5 Rd8 18.axb6 axb6 19.Qa4 g6 20.Rab1 Qh6 21.Rbd1 Qh5 22.h3 Qf5
23.Qa3 h5 24.Qe3 Rc8 25.Rc1 Kg7 26.Nf3 Nxf3 27.Qxf3 Ne4 28.Qe3 Ng5 29.h4 Qe4+
30.Qxe4 Nxe4 31.Rfd1 Rc6 32.Rc2 Kf6 33.Rb1 Nd6 34.Rbc1 Rc5 35.Rc3 e4 36.Kf1 Ke5
37.R3c2 f6 38.Ke1 g5 39.hxg5 fxg5 40.Kd1 h4 41.gxh4 gxh4 42.Ke1 Kf4 43.Rc3 Nf5
44.Rb1 Rc6 45.c5 bxc5 46.Rbc1 e5 47.Rxc5 Rg6 48.R1c3 Rg1+ 49.Kd2 Nd4 50.Rc8 Nf3+
51.Kc2 Rf1 52.Rf8+ Kg4 53.Re3 Rxf2+ 54.Kc3 Kg3 55.Rxe4 h3 56.Rg8+ Kh2 57.Kd3 Rg2
58.Reg4 Ne1+ 59.Ke3 Ra2 60.Rh8 Ng2+ 61.Kf3 Ne1+ 62.Ke3 Ra3+ 63.Ke4 Ng2  1/2-1/2

[Event "Hastings8081"]
[Site "Hastings"]
[Date "1980.??.??"]
[Round "4"]
[White "Sunye Neto, Jaime"]
[Black "Ftacnik, Lubomir"]
[Result "1/2-1/2"]
[WhiteElo "2415"]
[BlackElo "2470"]

1.c4 Nf6 2.Nc3 d5 3.cxd5 Nxd5 4.Nf3 g6 5.g3 Bg7 6.Bg2 O-O 7.h4 c5 8.h5 Nc6
9.hxg6 hxg6 10.Qa4 e6 11.Kf1 Rb8 12.Rb1 Bd7 13.Qc4 b6 14.d3 Na5 15.Qg4 e5
16.Qh4 Qxh4 17.Rxh4 Ne7 18.Bh6 Nac6 19.Bxg7 Kxg7 20.Nd2 f6 21.a3 Nf5 22.Rh2 Ncd4
23.e3 Nb5 24.Ke2 Rh8 25.Rxh8 Rxh8 26.Rh1 Rd8 27.Rb1 Nfd6 28.Nxb5 Bxb5 29.Rd1 f5
30.f3 Kf6 31.b3 Rd7 32.Nc4 e4 33.fxe4 fxe4 34.Rf1+ Kg5 35.Bxe4 Nxe4 36.dxe4 Kg4
37.a4 Ba6 38.a5 bxa5 39.Ra1 g5 40.Rxa5 Bxc4+ 41.bxc4 Rc7 42.Kf2 Rf7+ 43.Ke2 Rc7  1/2-1/2